| 000 | 00934cam a2200301 a 4500 | ||
|---|---|---|---|
| 003 | OSt | ||
| 005 | 20140310184351.0 | ||
| 008 | 970225s1997 njua b 000 1 eng | ||
| 010 | _a 97010017 | ||
| 020 | _a9780439634694 | ||
| 040 |
_aDLC _cDLC _dDLC |
||
| 042 | _alcac | ||
| 050 | 0 | 0 |
_aPZ 7 _b.M47841445ily 2003 |
| 100 | 1 |
_aMcCourt, Lisa. _93979 |
|
| 245 | 1 | 0 |
_aI love you, Stinky Face / _cwritten by Lisa McCourt ; illustrated by Cyd Moore. |
| 260 |
_aMahwah, N.J. : _bTroll, _c2003. |
||
| 300 |
_bcol. ill. ; _c21 cm. |
||
| 521 | _aG12 | ||
| 526 | _c1290 | ||
| 650 | 1 |
_aMother and child _xFiction. _925168 |
|
| 650 | 1 |
_aAnimals _xFiction. _925169 |
|
| 700 | 1 |
_aMoore, Cyd, _eill. _925170 |
|
| 906 |
_a7 _bcbc _corignew _d1 _eocip _f19 _gy-gencatlg |
||
| 942 |
_2lcc _cBK-SCHOLAS |
||
| 999 |
_c33949 _d33949 |
||